• 首页
  • 本馆介绍
  • 公告通知
  • 最新文献
  • 馆藏检索
  • 电子资源
  • 读者导购
  • 参考咨询
  • 我的图书馆
  • 登录
  • 详细信息显示
  • 放入我的书架
  • 预约/预借图书
  • 作者相关作品
  • 分类相关作品
  • 丛书相关作品
  • 出版社相关作品

书目信息

  • 表格格式
  • 工作单格式
  • 卡片格式
题名:
当今芬兰教育概览
    
 
作者: 赵广俊 , 冯少杰 著
分册:  
出版信息: 郑州   河南教育出版社  1994.2
页数: 155页
开本: 20cm
丛书名: 当今世界教育概览丛书
单 册:
中图分类: G553.1
科图分类: 38.3534
主题词: 教育--概况--芬兰
电子资源:
ISBN: 7-5347-1428-1
000 01037nam2 2200313 45
001 0194025187
005 20070724103829.84
010    @a7-5347-1428-1@dCNY3.65
100    @a19940711d1994 em y0chiy0121 ea
101 0  @achi
102    @aCN@b410000
105    @ay z 000yy
200 10 @a当今芬兰教育概览@ADANG JIN FEN LAN JIAO YU GAI LAN@f赵广俊,冯少杰著@FZHAO GUANG JUN , FENG SHAO JIE ZHU
210    @a郑州@c河南教育出版社@d1994.2
215    @a155页@d20cm
225 2  @a当今世界教育概览丛书@f郑德鑫主编
300    @a英文题名:Current Finland education survey
304    @a赵广俊(1950~ ),光明日报国际部记者
304    @a冯少杰(1950~ ),女,光明日报国际部编辑
410  0 @120010@a当今世界教育概览丛书
510 1  @aCurrent Finland education survey@zeng
540 1  @a芬兰 教育@AFEN LAN JIAO YU
606    @a教育@x概况@y芬兰
690    @aG553.1@v三版
692    @a38.3534
701  0 @a赵广俊@AZHAO GUANG JUN@4著
701  0 @a冯少杰@AFENG SHAO JIE@4著
801  0 @aCN@bTSSF@c20070724
905    @a10447@dG553.1@e41
    
    当今芬兰教育概览/赵广俊,冯少杰著.-郑州:河南教育出版社,1994.2
    155页;20cm.-(当今世界教育概览丛书/郑德鑫主编)
    英文题名:Current Finland education survey
    
    ISBN 7-5347-1428-1:CNY3.65
    
●
相关链接 在E读中查询图书 在五车中查询图书 在当当中查询图书 在豆瓣中查询图书


正题名:当今芬兰教育概览     索取号:G553.1/41         预约/预借

序号 登录号 条形码 馆藏地/架位号 状态 备注
1 0769505   207695056   第一样本阅览室/ [索取号:G553.1/41] 在馆    
唐山师范学院图书馆 欢迎您!
大连网信软件有限公司© 版权所有